01318nam a2200289 a 4500001001200000003000800012006001900020007001500039008004100054020001800095020001800113040002100131035002100152050002300173245032900196260005300525300001100578533015200589650001400741655002900755700004000784700001800824700002600842710001700868856012600885999001701011ebr10297744CaPaEBRm u cr cn|||||||||090715s2009 nju s 000 0 eng d z9780470344927 z9780470456354 aCaPaEBRcCaPaEBR a(OCoLC)31711872114aTP807b.M43 2009eb00aMechanical properties and processing of ceramic binary, ternary, and composite systemsh[electronic resource] :ba collection of papers presented at the 32nd International Conference on Advanced Ceramics and Composites, January 27-February 1, 2008, Daytona Beach, Florida /cJonathan Salem, Greg Hilmas, William Fahrenholtz. aHoboken, N.J. :bJohn Wiley & Sons, Inc.,c2009. a190 p. aElectronic reproduction.bPalo Alto, Calif. :cebrary,d2009.nAvailable via World Wide Web.nAccess may be limited to ebrary affiliated libraries. 0aCeramics. 7aElectronic books.2local1 aSalem, J. A.q(Jonathan A.),d1960-1 aHilmas, Greg.1 aFahrenholtz, William.2 aebrary, Inc.40uhttp://site.ebrary.com/lib/rucke/Doc?id=10297744zAn electronic book accessible through the World Wide Web; click to view c63845d63845